Trouve un atome pour chaque lettre - Statistiques

Statistiques générales
  • Ce quiz a été pris 161 fois
  • Le résultat moyen est 16 sur 23
Statistiques - réponses
Lettre Atome % Correct
A Actinium / Aluminium / Américium / Antimoine / Argent / Argon / Arsenic / Astate / Azote
98%
C Cadmium / Calcium / Californium / Carbone / Cérium / Césium / Chlore / Chrome / Cobalt / Copernicium / Cuivre / Curium
98%
P Palladium / Phosphore / Platine / Plomb / Plutonium / Polonium / Potassium / Praséodyme / Prométhium / Protactinium
94%
H Hafnium / Hassium / Hélium / Holmium / Hydrogène
93%
F Fer / Fermium / Flérovium / Fluor / Francium
91%
O Oganesson / Osmium / Or / Oxygène
91%
S Samarium / Scandium / Seaborgium / Sélénium / Silicium / Sodium / Strontium / Soufre
87%
B Baryum / Berkélium / Béryllium / Bismuth / Bohrium / Bore / Brome
84%
U Uranium
84%
M Magnésium / Manganèse / Meitnerium / Mendelévium / Mercure / Molybdène / Moscovium
80%
L Lanthane / Lawrencium / Lithium / Livermorium / Lutétium
71%
R Radium / Radon / Rhénium / Rhodium / Rubidium / Ruthénium / Rutherfordium
71%
I Indium / Iode / Iridium
70%
N Néodyme / Néon / Neptunium / Nickel / Nihonium / Niobium / Nobelium
68%
X Xénon
66%
T Tantale / Technétium / Tellure / Tennesse / Terbium / Thallium / Thorium / Thulium / Titane / Tungstène
65%
Z Zinc / Zirconium
64%
E Einsteinium / Erbium / Etain / Europium
58%
G Gadolinium / Gallium / Germanium
55%
K Krypton
47%
V Vanadium
36%
Y Ytterbium / Yttrium
31%
D Darmstadtium / Dubnium / Dysprosium
19%
Aucun quiz correspondant
Distribution des résultats
% des personnes avec chaque résultat
Percentile par nombre de réponses
Votre historique - résultats
Vous n’avez pas pris ce quiz